El capital (Record no. 50895)

MARC details
000 -LEADER
fixed length control field 00915nam a22002057a 4500
005 - DATE AND TIME OF LATEST TRANSACTION
control field 20260520144959.0
008 - FIXED-LENGTH DATA ELEMENTS--GENERAL INFORMATION
fixed length control field 140410s mx ||||| |||| 00| 0 spa dd
050 04 - LIBRARY OF CONGRESS CALL NUMBER
Classification number HB501
Item number C375 1975
245 03 - TITLE STATEMENT
Title El capital
Remainder of title : teoría, estructura y método
Statement of responsibility, etc / P. M. Sweezy,...[et al.] ; selección y prólogo de Pedro López Díaz.
250 ## - EDITION STATEMENT
Edition statement 1a ed.
260 ## - PUBLICATION, DISTRIBUTION, ETC. (IMPRINT)
Place of publication, distribution, etc México :
Name of publisher, distributor, etc Ediciones de Cultura popular,
Date of publication, distribution, etc 1975
300 ## - PHYSICAL DESCRIPTION
Extent v. ;
Dimensions 21 cm.
490 0# - SERIES STATEMENT
Series statement Economía
504 ## - BIBLIOGRAPHY, ETC. NOTE
Bibliography, etc Incluye bibliografías
600 ## - SUBJECT ADDED ENTRY--PERSONAL NAME
Source of heading or term
650 #7 - SUBJECT ADDED ENTRY--TOPICAL TERM
Source of heading or term lemb
Topical term or geographic name as entry element Capitalismo
700 1# - ADDED ENTRY--PERSONAL NAME
Personal name Sweezy, P. M.
Relator term autor
700 1# - ADDED ENTRY--PERSONAL NAME
Personal name López Díaz, Pedro
Relator term prologuista
942 ## - ADDED ENTRY ELEMENTS (KOHA)
Source of classification or shelving scheme Biblioteca del Cogreso de los Estados Unidos
Koha item type Libro
Holdings
Estado de pérdida Fuente de clasificación Estado del daño No para préstamo Ubicación permanente Ubicación actual Apartado o colección Fecha de adquisición Fuente de adquisición Edición Enumeración de Serie / Cronológica Dependencia de educación superior (DES) Área del conocimiento Clasificación Código de Barras Date last seen Número de copia Costo por reposición Tipo de recurso
  Biblioteca del Cogreso de los Estados Unidos   Uso interno Biblioteca Biblioteca de la Facultad de Economía Biblioteca de la Facultad de Economía General 20/05/2026 Unidad Académica 1a ed. T:1 Ciencias Económico Administrativas Ciencias Sociales y Administrativas HB501 C375 r1978 BFE000005197 10/04/2014 1 1.00 Libro
  Biblioteca del Cogreso de los Estados Unidos     Biblioteca de la Facultad de Economía Biblioteca de la Facultad de Economía General 20/05/2026 Unidad Académica 1a ed. T:1 Ciencias Económico Administrativas Ciencias Sociales y Administrativas HB501 C375 r1978 BFE000011253 31/01/2017 2 1.00 Libro
  Biblioteca del Cogreso de los Estados Unidos     Biblioteca de la Preparatoria Ing. Pascual Ortiz Rubio Biblioteca de la Preparatoria Ing. Pascual Ortiz Rubio General 19/08/2015   1a. ed.     Ciencias Sociales y Administrativas HB505 C3 1975 PPO000002300 19/08/2015 C:1   Libro
  Biblioteca del Cogreso de los Estados Unidos     Biblioteca de la Preparatoria Isaac Arriaga Biblioteca de la Preparatoria Isaac Arriaga General 01/03/2019   1a. ed   Nivel Medio Superior Ciencias Sociales y Administrativas HB501 C37 r1978 PIA000000729 01/03/2019 C:1 V:1   Libro
  Biblioteca del Cogreso de los Estados Unidos     Biblioteca de la Preparatoria Isaac Arriaga Biblioteca de la Preparatoria Isaac Arriaga General 25/09/2019   1a ed. 2   Ciencias Sociales y Administrativas HB501 C37 1977 PIA000003715 25/09/2019 C:1 1.00 Libro
  Biblioteca del Cogreso de los Estados Unidos     Biblioteca de la Preparatoria Isaac Arriaga Biblioteca de la Preparatoria Isaac Arriaga General 25/09/2019   1a ed. V.3   Ciencias Sociales y Administrativas HB501 C37 r1979 PIA000003716 25/09/2019 C:1 1.00 Libro